| 000 | 00456nam a2200193Ia 4500 | ||
|---|---|---|---|
| 999 |
_c51045 _d51045 |
||
| 003 | 0100 | ||
| 005 | 20170731080440.0 | ||
| 008 | 130303s9999 xx 000 0 und d | ||
| 040 | _cARRUPELIB | ||
| 050 | _aB819K3 1956 | ||
| 245 | _aExistentialism | ||
| 245 | _bfrom Dostoevsky to Sartre | ||
| 260 |
_bMeridian Books _aNew York _c1957 |
||
| 300 | _a319p. | ||
| 300 | _b 18cm. | ||
| 650 |
_aExistentialism _91759 |
||
| 700 |
_aKaufmann, Walter (ed.) _933832 |
||
| 942 |
_2lcc _cMONOGRAPH |
||